| 000 | 00586nam a2200217 a 4500 | ||
|---|---|---|---|
| 999 |
_c5278 _d5278 |
||
| 001 | 5278 | ||
| 003 | BD-JhCC | ||
| 005 | 20171211195818.0 | ||
| 008 | 171128s1974 enk |||| ||a| 000 0 eng d | ||
| 035 | _a(BD-JhCC)5278 | ||
| 040 |
_aBD-JhCC _dBD-JhCC |
||
| 041 | _aeng | ||
| 082 |
_a330.954414 _bRAH 1974 |
||
| 100 | _aRahman, Md Mofizur | ||
| 245 |
_aEconomic Development of Bangladesh / _cMd Mofizur Rahman |
||
| 260 |
_aDacca : _bBangladesh Book Corporation, _c1974. |
||
| 300 |
_a435 p. : _c22 cm. |
||
| 650 |
_aEconomic History _zBangladesh |
||
| 942 |
_2ddc _cBK |
||